Minions Despicable Me - Statistics

General Stats
  • This quiz has been taken 607 times
  • The average score is 8 of 15
Answer Stats
Hint Answer % Correct
strong impressive tall minion kevin
98%
youngest , shortest minion and lovely bob
97%
the second shortest minion stuart
87%
one of the yellow meduim size minion dave
71%
tallest minion tim
64%
dressed up as minion lucy phil
63%
went to the mall mark
58%
very noise carl
57%
on the sky jon
47%
smart bob2
45%
said hello to gru in the first film kevin2
45%
sings songs phil2
41%
was the first evil minion tom
14%
has the fruit on his head paul
7%
pigh five gru donny
4%
No matching quizzes found
Score Distribution
Percent of People with Each Score
Percentile by Number Answered
Your Score History
You have not taken this quiz